Normal view
MARC view
Entry Topical Term
001 - CONTROL NUMBER
- control field: 28201
003 - CONTROL NUMBER IDENTIFIER
- control field: OSt
005 - DATE AND TIME OF LATEST TRANSACTION
- control field: 20211027122731.0
008 - FIXED-LENGTH DATA ELEMENTS
- fixed length control field: 211027|| aca||aabn | a|a d
040 ## - CATALOGING SOURCE
- Original cataloging agency: OSt
- Transcribing agency: OSt
150 ## - HEADING--TOPICAL TERM
- Topical term or geographic name entry element: Nation building, Resettlement, Refugees, Famine, History of anthropology, Development caused displacement
670 ## - SOURCE DATA FOUND
- Source citation: Work cat.: (OSt): Guha, Abhijit 28200, Nation building on the margins: How the anthropologists of India contributed?
